<?xml version="1.0" encoding="UTF-8"?>
<record
    xmlns:xsi="http://www.w3.org/2001/XMLSchema-instance"
    xsi:schemaLocation="http://www.loc.gov/MARC21/slim http://www.loc.gov/standards/marcxml/schema/MARC21slim.xsd"
    xmlns="http://www.loc.gov/MARC21/slim">

  <leader>01486nam a22002657i 4500</leader>
  <datafield tag="999" ind1=" " ind2=" ">
    <subfield code="c">22922</subfield>
    <subfield code="d">22922</subfield>
  </datafield>
  <controlfield tag="003">AR-CdUCM</controlfield>
  <controlfield tag="008">240523b20222022pe ||||| |||| 00| 0 spa d</controlfield>
  <datafield tag="020" ind1=" " ind2=" ">
    <subfield code="a">978-612-49021-5-4</subfield>
  </datafield>
  <datafield tag="040" ind1=" " ind2=" ">
    <subfield code="a">MUNICIPALIDAD PROVINCIAL DEL CUSCO</subfield>
    <subfield code="c">BIBLIOTECA MUNICIPAL DEL CUSCO</subfield>
  </datafield>
  <datafield tag="082" ind1=" " ind2=" ">
    <subfield code="a">869.5048 / E</subfield>
    <subfield code="b">E</subfield>
  </datafield>
  <datafield tag="110" ind1=" " ind2=" ">
    <subfield code="a">Ministerio de Cultura del Per&#xFA; - Proyecto Especial Bicentenario de la Independencia del Per&#xFA;</subfield>
    <subfield code="9">49983</subfield>
  </datafield>
  <datafield tag="245" ind1=" " ind2=" ">
    <subfield code="a">Ensayos desde la pandemia para imaginar el Per&#xFA; Bicentenario / </subfield>
  </datafield>
  <datafield tag="260" ind1=" " ind2=" ">
    <subfield code="a">Lima : </subfield>
    <subfield code="b">Ministerio de Cultura del Per&#xFA;,</subfield>
    <subfield code="c">2022</subfield>
  </datafield>
  <datafield tag="300" ind1=" " ind2=" ">
    <subfield code="a">453 p&#xE1;ginas. :</subfield>
    <subfield code="c">29 cm.</subfield>
  </datafield>
  <datafield tag="505" ind1=" " ind2=" ">
    <subfield code="a">Bicentenario republicano: Dolor, resiliencia y esperanza -- La batalla de ser nosotros mismos -- Memoria del futuro -- Las guerras y el estado emp&#xED;rico -- El virus que desnuda -- El ind&#xED;gena en el siglo XXI -- La mancha del bicentenario -- Pestes coloniales: "El mendigo andrajoso que la llevaba a los pueblos alejados" -- El antiguo Per&#xFA; frente al bicentenario -- 200 a&#xF1;os despu&#xE9;s: De nuevo, el miedo -- La independencia de lucha en casa -- Salud mental: Anhelo y urgencia</subfield>
  </datafield>
  <datafield tag="650" ind1=" " ind2=" ">
    <subfield code="a">Bicentenario republicano: Dolor, resiliencia y esperanza</subfield>
    <subfield code="9">49988</subfield>
  </datafield>
  <datafield tag="650" ind1=" " ind2=" ">
    <subfield code="a">Las guerras y el estado emp&#xED;rico</subfield>
    <subfield code="9">49989</subfield>
  </datafield>
  <datafield tag="650" ind1=" " ind2=" ">
    <subfield code="a">El virus que desnuda </subfield>
    <subfield code="9">49990</subfield>
  </datafield>
  <datafield tag="650" ind1=" " ind2=" ">
    <subfield code="a">El ind&#xED;gena en el siglo XXI </subfield>
    <subfield code="9">49991</subfield>
  </datafield>
  <datafield tag="650" ind1=" " ind2=" ">
    <subfield code="a">Salud mental: Anhelo y urgencia</subfield>
    <subfield code="9">49992</subfield>
  </datafield>
  <datafield tag="856" ind1=" " ind2=" ">
    <subfield code="f">www.bicentenario.gob.pe</subfield>
  </datafield>
  <datafield tag="942" ind1=" " ind2=" ">
    <subfield code="2">ddc</subfield>
    <subfield code="c">LIBROS</subfield>
  </datafield>
  <datafield tag="945" ind1=" " ind2=" ">
    <subfield code="a">pbj</subfield>
    <subfield code="d">2024-05-23</subfield>
  </datafield>
  <datafield tag="952" ind1=" " ind2=" ">
    <subfield code="0">0</subfield>
    <subfield code="2">ddc</subfield>
    <subfield code="4">0</subfield>
    <subfield code="7">0</subfield>
    <subfield code="a">SH</subfield>
    <subfield code="b">SH</subfield>
    <subfield code="c">CART</subfield>
    <subfield code="d">2024-05-23</subfield>
    <subfield code="f">Dep&#xF3;sito L</subfield>
    <subfield code="g">20.00</subfield>
    <subfield code="o">869.5048 / E </subfield>
    <subfield code="p">SH0000016759</subfield>
    <subfield code="r">2024-05-23</subfield>
    <subfield code="y">LIBROS</subfield>
  </datafield>
</record>
